Design e Comunicaçao Visual (Record no. 2352)
[ view plain ]
| 000 -Etiqueta do registo | |
|---|---|
| Campo de controlo de comprimento fixo | 00330 a2200145 4500 |
| 020 ## - ISBN (NÚMERO DE LIVRO PADRÃO INTERNACIONAL) | |
| ISBN | 972-44-0176-6 |
| 040 ## - Fonte de Catalogação | |
| Agência de catalogação | Biblioteca de Posgraduação- Universidade Lusíada de Angola |
| 082 ## - DEWEY DECIMAL CLASSIFICATION NUMBER | |
| Número de classificação | 72 |
| Classificador- CDU | 72 |
| 100 ## - Nome Pessoal | |
| 9 (RLIN) | 1180 |
| Autor | MUNARI;Bruno |
| 245 ## - Declaração de Título | |
| Título | Design e Comunicaȧo Visual |
| 260 ## - Publicação e Destribuíção | |
| Local de edição/distribuição | Lisboa, |
| Editor/distribuidor | ediȯes 70 |
| Data de edição/distribuição | 1968. |
| 300 ## - Descrição Física | |
| Nº Pág. | 374p |
| 650 ## - MATERIA | |
| MATERIA | Arquitetura |
| 942 ## - - Elementos de entrada adicionados (koha) | |
| Tipo de documento | Livros |
| Withdrawn status | Lost status | Source of classification or shelving scheme | Damaged status | Not for loan | Permanent Location | Current Location | Date acquired | Inventory number | Total Checkouts | Full call number | Barcode | Date last seen | Price effective from | Koha item type |
|---|---|---|---|---|---|---|---|---|---|---|---|---|---|---|
| Dewey Decimal Classification | Biblioteca Geral- Universidade Lusíada de Angola | Biblioteca Geral- Universidade Lusíada de Angola | 08/06/2026 | 14(1) | 72 | 2026-0208 | 08/06/2026 | 08/06/2026 | Livros |
